000 00465nam a2200169Ia 4500
003 SGT
020 _a9788120309845
082 _a621.381
_bROD
100 _aRoddy,Dennis
245 _aElectronic communication
260 _bPHI Learning Private Limited
_aNew Delhi
_c1995
300 _a820p.
650 _aELECTRONICS ENGINEERING
653 _aPASSIVE CIRCUITS, WAEFORM SPECTRA,DIGITAL LINE WAVEFORMS,NOISE,OSCILLATROS
700 _aCoolen,John
942 _2ddc
_cBK
999 _c5080
_d5080